[Event "Oberpfalz-ch M2"]
[Site "Roding"]
[Date "2010.03.29"]
[Round "6"]
[White "Kliegl, Anton"]
[Black "Augustin, Josef"]
[Result "0-1"]
[WhiteElo "1588"]
[BlackElo "1620"]
[PlyCount "160"]
[EventDate "2010.03.27"]
[EventType "swiss"]
[EventRounds "8"]
[EventCountry "GER"]
[SourceTitle "EXT 2012"]
[Source "ChessBase"]
[SourceDate "2011.11.24"]
[SourceVersion "1"]
[SourceVersionDate "2011.11.24"]
[SourceQuality "1"]

1. d4 Nf6 2. c4 e6 3. Nc3 d5 4. Bf4 c6 5. e3 h6 6. Nf3 Be7 7. Bd3 0-0 8. 0-0 Nbd7 9. cxd5 exd5 10. a3 Re8 11. h3 a6 12. b4 Nf8 13. Qc2 Be6 14. Na4 N6d7 15. Nc5 Nxc5 16. bxc5 Bc8 17. a4 Ne6 18. Bh2 a5 19. Ne5 Bf6 20. f4 Nc7 21. Rf3 Na6 22. Bxa6 Rxa6 23. Rb1 Ra8 24. g4 Bxe5 25. fxe5 Qe7 26. Qf2 Be6 27. Qb2 Reb8 28. Qc3 Qd7 29. Rg3 Qc7 30. Rb6 Ra6 31. Qb2 Rxb6 32. Qxb6 Qxb6 33. cxb6 Rc8 34. Rg2 c5 35. Rc2 c4 36. Bg3 h5 37. Be1 hxg4 38. hxg4 Bxg4 39. Bxa5 Ra8 40. Bc3 Rxa4 41. Rc1 Bf5 42. Ra1 Rxa1+ 43. Bxa1 Kh7 44. Kf2 Kh6 45. Kg3 Kh5 46. Kf4 Be6 47. e4 g5+ 48. Ke3 Kg6 49. exd5 Bxd5 50. Kf2 Kf5 51. Kg3 Be4 52. Bb2 Bc2 53. Bc3 Bd1 54. d5 Ba4 55. d6 Bc6 56. Bb2 Bd7 57. Bd4 Ke4 58. Bb2 Kd5 59. Bc3 Kc5 60. Bd2 Kd5 61. Bc3 Ke4 62. Kf2 Kd3 63. Bb2 Kd2 64. Bd4 c3 65. Be3+ Kd3 66. Bxg5 Ke4 67. Kg3 Kxe5 68. Bf4+ Kd5 69. Kf3 Kc5 70. Ke3 Bf5 71. Be5 Kxb6 72. Bxc3 Kc6 73. Bb4 Kd5 74. Kf4 Bd7 75. Kg5 Ke6 76. Ba3 Ba4 77. Kf4 Bb3 78. Ke4 Ba4 79. Kd4 f5 80. Kc5 Kd7 0-1

[Event "Oberpfalz-ch M2"]
[Site "Roding"]
[Date "2010.03.28"]
[Round "4"]
[White "Kliegl, Anton"]
[Black "Hummel, Thomas1111"]
[Result "0-1"]
[WhiteElo "1588"]
[BlackElo "1769"]
[PlyCount "58"]
[EventDate "2010.03.27"]
[EventType "swiss"]
[EventRounds "8"]
[EventCountry "GER"]
[SourceTitle "EXT 2012"]
[Source "ChessBase"]
[SourceDate "2011.11.24"]
[SourceVersion "1"]
[SourceVersionDate "2011.11.24"]
[SourceQuality "1"]

1. d4 b5 2. e4 Bb7 3. Bd3 Nf6 4. f3 a6 5. Ne2 e6 6. 0-0 h6 7. b3 d6 8. c4 b4 9. d5 e5 10. Kh1 Nbd7 11. Ng3 Nb6 12. Be3 Nc8 13. Bc2 Ne7 14. Qe2 Ng6 15. Nd2 Be7 16. a3 bxa3 17. Rxa3 Nf4 18. Qf2 g5 19. c5 h5 20. h3 h4 21. Nf5 N6h5 22. Bxf4 gxf4 23. cxd6 Bxd6 24. Ra2 Ng3+ 25. Nxg3 hxg3 26. Qe2 Bc8 27. Rc1 Bxh3 28. gxh3 Rxh3+ 29. Kg1 Bc5+ 0-1

[Event "Oberpfalz-ch M2"]
[Site "Roding"]
[Date "2010.03.28"]
[Round "3"]
[White "Mirbeth, Florian"]
[Black "Kliegl, Anton"]
[Result "1-0"]
[WhiteElo "1626"]
[BlackElo "1588"]
[PlyCount "55"]
[EventDate "2010.03.27"]
[EventType "swiss"]
[EventRounds "8"]
[EventCountry "GER"]
[SourceTitle "EXT 2012"]
[Source "ChessBase"]
[SourceDate "2011.11.24"]
[SourceVersion "1"]
[SourceVersionDate "2011.11.24"]
[SourceQuality "1"]

1. d4 Nf6 2. Nf3 d5 3. c4 c6 4. Nc3 e6 5. e3 Nbd7 6. Bd3 dxc4 7. Bxc4 Qc7 8. 0-0 Bd6 9. e4 e5 10. h3 exd4 11. Nxd4 Ne5 12. Bb3 h6 13. f4 Bc5 14. fxe5 Qxe5 15. Be3 Bxh3 16. Qd2 Rd8 17. Nce2 Nxe4 18. Bxf7+ Ke7 19. Qc2 Ng3 20. Nxc6+ bxc6 21. Qxc5+ Qxc5 22. Bxc5+ Kd7 23. Nxg3 Bg4 24. Rf4 h5 25. Re1 Kc8 26. Be6+ Bxe6 27. Rxe6 Kc7 28. Rf7+ 1-0

[Event "Oberpfalz-ch M2"]
[Site "Roding"]
[Date "2010.03.27"]
[Round "2"]
[White "Kliegl, Anton"]
[Black "Haller, Karl"]
[Result "1/2-1/2"]
[WhiteElo "1588"]
[BlackElo "1486"]
[PlyCount "33"]
[EventDate "2010.03.27"]
[EventType "swiss"]
[EventRounds "8"]
[EventCountry "GER"]
[SourceTitle "EXT 2012"]
[Source "ChessBase"]
[SourceDate "2011.11.24"]
[SourceVersion "1"]
[SourceVersionDate "2011.11.24"]
[SourceQuality "1"]

1. d4 Nf6 2. c4 e6 3. Nf3 d5 4. Bf4 Nbd7 5. e3 c5 6. dxc5 Bxc5 7. Nc3 Bb4 8. Qc2 0-0 9. Bg5 Qc7 10. Bxf6 Nxf6 11. Nd2 dxc4 12. Bxc4 a6 13. 0-0 b5 14. Bd3 Bb7 15. f3 Rac8 16. Rac1 Rfd8 17. Rfd1 1/2-1/2